000 00603nam a2200205 a 4500
008
020 _a3800947536 (pbk.)
049 _aMAIN
090 _aTK7871.58.A9
100 1 _aGelder, Erich.
245 1 0 _aThe transistor as AF-Amplifier prestages /
_cErich Gelder.
260 _aBerlin :
_cSiemens aktiengesellschaft,
_c1988.
300 _a72 p. :
_bill. ;
_c21 cm.
650 1 _aTransistors
_xamplifiers.
907 _a.b10171502
_b16-08-05
_c16-08-05
999 _aNEW MM
_c159393
_d159393
003
005 20230123134049.0
040 _cNUST
942 _cBOOKS
_kTK7871.58.A9